Central Library OPAC University of Rajshahi

Measure, integration, and probability / (Record no. 54041)

MARC details
000 -LEADER
fixed length control field 00730nam a2200253 a 4500
001 - CONTROL NUMBER
control field 54041
003 - CONTROL NUMBER IDENTIFIER
rucl marc code BD-RjUL
005 - DATE AND TIME OF LATEST TRANSACTION
control field 20211209080050.0
008 - FIXED-LENGTH DATA ELEMENTS--GENERAL INFORMATION
fixed length control field 161101s1972 nyu b 001 0 eng
035 ## - SYSTEM CONTROL NUMBER
System control number (BD-RjUL)54163
040 ## - CATALOGING SOURCE
Original cataloging agency DLC
Transcribing agency DLC
Modifying agency OCL
-- EQO
Language of cataloging eng
041 ## - LANGUAGE CODE
Language code of text/sound track or separate title eng
082 ## - DEWEY DECIMAL CLASSIFICATION NUMBER
Classification number 519.2
Edition number 23
Author mark and year BUM 1972
100 1# - MAIN ENTRY--PERSONAL NAME
Personal name Burrill, Claude W.
9 (RLIN) 161351
245 10 - TITLE STATEMENT
Title Measure, integration, and probability /
Statement of responsibility, etc. Claude W. Burrill.
260 ## - PUBLICATION, DISTRIBUTION, ETC. (IMPRINT)
Place of publication, distribution, etc. New York :
Name of publisher, distributor, etc. McGraw-Hill,
Date of publication, distribution, etc. 1972
300 ## - PHYSICAL DESCRIPTION
Pagination xiv, 464 p. ;
Size 23 cm.
504 ## - BIBLIOGRAPHY, ETC. NOTE
Bibliography, etc Bibliography: p. 455-456.
650 #0 - SUBJECT ADDED ENTRY--TOPICAL TERM
Topical term or geographic name as entry element Probabilities.
9 (RLIN) 161352
Topical term or geographic name as entry element Measure theory.
9 (RLIN) 151800
Topical term or geographic name as entry element Integrals, Generalized.
9 (RLIN) 151799
942 ## - ADDED ENTRY ELEMENTS (KOHA)
Source of classification or shelving scheme Dewey Decimal Classification
Koha item type Books
Holdings
Lost status Source of classification or shelving scheme Damaged status Not for loan Collection code Permanent Location Current Location Shelving location Date acquired Source of acquisition Cost, normal purchase price Total Checkouts Full call number Date last seen Copy number Koha item type
  Dewey Decimal Classification     Non-fiction Central Library, University of Rajshahi Central Library, University of Rajshahi   25/11/1974 Janathan Wren & co., London 7.70   519.2 BUM 1972 01/11/2016 C-2 Books
  Dewey Decimal Classification   Not For Loan Non-fiction Central Library, University of Rajshahi Central Library, University of Rajshahi Reading Room 25/11/1974 Jonathan Wren & Co. 770.00   519.2 BUM 1972 13/04/2017 C-1 Books